| 000 | 01741pam a2200397 a 4500 | ||
|---|---|---|---|
| 001 | 13596540 | ||
| 003 | EG-ScBUE | ||
| 005 | 20220320110254.0 | ||
| 008 | 040518s2004 inub f d 001 0 eng d | ||
| 020 | _a9780872207219 | ||
| 040 |
_aDLC _beng _erda _cDLC _dYDX _dDLC _dEG-ScBUE |
||
| 041 | 1 |
_aeng _hgrclat |
|
| 082 | 0 | 4 |
_a880.08 _222 _bANT |
| 245 | 0 | 0 |
_aAnthology of classical myth : _bprimary sources in translation / _cedited and and featuring new translations by Stephen M. Trzaskoma, R. Scott Smith, and Stephen Brunet ; with additional translations by other scholars ; an appendix on Linear B sources by Thomas G. Palaima. |
| 264 | 1 |
_aIndianapolis : _bHackett Publishing Company, Inc., _c2004. |
|
| 300 |
_alvii, 517 pages : _bmaps ; _c23 cm |
||
| 336 |
_2rdacontent _atext _btxt |
||
| 337 |
_2rdamedia _aunmediated _bn |
||
| 338 |
_2rdacarrier _avolume _bnc |
||
| 500 | _aIncludes index. | ||
| 500 | _aIncludes glossary. | ||
| 500 | _aIncludes Appendices. | ||
| 650 | 7 |
_aClassical literature _vTranslations into English. _930697 _2BUEsh |
|
| 650 | 7 |
_aMythology, Classical _vLiterary collections. _930698 _2BUEsh |
|
| 650 | 7 |
_aMythology, Classical. _930699 _2BUEsh |
|
| 651 | _2BUEsh | ||
| 653 |
_cJuly2012 _bHHUUEENN |
||
| 655 |
_vReading book _934232 |
||
| 700 | 1 |
_aTrzaskoma, Stephen, _eeditor, _etranslator. _930700 |
|
| 700 | 1 |
_aSmith, R. Scott, _d1971- _eeditor, _etranslator. _930701 |
|
| 700 | 1 |
_aBrunet, Stephen, _d1954- _eeditor, _etranslator. _930702 |
|
| 700 | 1 |
_aPalaima, Thomas G., _etranslator. _930703 |
|
| 942 |
_2ddc _cBB |
||
| 999 |
_c16899 _d16899 |
||